| 000 | 00660nam a2200169 u 4500 | ||
|---|---|---|---|
| 001 | 000247895 | ||
| 003 | AM-YeHGA | ||
| 005 | 20250618071650.0 | ||
| 008 | 030717s1951 ai r 000 0 arm d | ||
| 040 | _aAM-YeHGA | ||
| 245 | 1 | 0 |
_aՃանապարհորդություն ապակու աշխարհում : _b[Վիպակ] / _cԱ. Արաքսման; Նկ.՝ Պ. Մալայան. |
| 260 |
_aԵրևան : _bՀայպետհրատ, _c1951. |
||
| 300 |
_a81 էջ : _bնկ. ; _c22 սմ. |
||
| 650 | 1 | 4 |
_aՀայ մանկական գրականություն _xՎիպակ |
| 700 | 1 |
_aՄալայան, Պետրոս Հովհաննեսի, _d1927-1995 _eնկ. _4art _92677 |
|
| 090 | _c89896 | ||
| 999 |
_c88610 _d88610 |
||